Manual de instrumentos de descripción documental / Antonia Heredia Herrera
Descripción Física:
103 p. ; 21 cm
Materias:
Arxivística
MARC
| LEADER | 00000nam a2200000Ia 4500 | ||
|---|---|---|---|
| 001 | 7692 | ||
| 008 | 160829s1982 xx 000 0 cat d | ||
| 080 | |a A-1-327 | ||
| 100 | 1 | |a Heredia Herrera, Antonia, |d 1934- |9 34054 | |
| 245 | |a Manual de instrumentos de descripción documental / Antonia Heredia Herrera | ||
| 260 | |a Sevilla : |b Diputación Provincial, |c 1982 | ||
| 300 | |a 103 p. ; |c 21 cm | ||
| 650 | |a Arxivística |9 36557 | ||
| 710 | 1 | |a Sevilla (Andalusia : Província). |b Diputación |9 56534 | |
| 901 | |a Arxiu | ||
| 942 | |n 1 | ||
| 952 | |0 0 |1 0 |4 0 |6 A1327 |7 1 |9 46364 |a Arxiu |b Arxiu |d 2016-12-01 |l 0 |o A-1-327 |p 7692 |r 2016-12-01 00:00:00 |w 2016-12-01 |y ARXIU | ||
| 999 | |c 50149 |d 50149 | ||